| 000 | 00319nam a22001217a 4500 | ||
|---|---|---|---|
| 008 | 230602b xxu||||| |||| 00| 0 eng d | ||
| 020 | _a9966712305 | ||
| 082 |
_a923.26267 _bPAT |
||
| 100 |
_cZarina Patel _d2006 |
||
| 245 |
_aUniquiet _bThe Life and Times of Makhan Singh |
||
| 300 |
_axxiii:563 p _ePictorial |
||
| 942 |
_2ddc _cBK |
||
| 999 |
_c90 _d90 |
||